What's the score? (Record no. 76041)

MARC details
000 -LEADER
fixed length control field 01227cab a2200181 4500
001 - CONTROL NUMBER
control field ##L131326
008 - FIXED-LENGTH DATA ELEMENTS--GENERAL INFORMATION
fixed length control field 051020n2005 000 0 eng u
035 ## - SYSTEM CONTROL NUMBER
System control number (Sirsi) u131326
041 0# - LANGUAGE CODE
Language code of text/sound track or separate title eng
100 1# - MAIN ENTRY--PERSONAL NAME
Personal name Tinworth, Adam
245 00 - TITLE STATEMENT
Title What's the score?
260 3# - PUBLICATION, DISTRIBUTION, ETC.
Date of publication, distribution, etc. 2005
490 #0 - SERIES STATEMENT
Series statement Estates Gazette
Volume/sequential designation (0541) 15 October 2005, 72-73(2)
520 ## - SUMMARY, ETC.
Summary, etc. Looks at the problems and future of performance measurement in the final article of a series on property research (see also L131110, L131183 and L131278). Describes the formal side of performance measurement where investment performance is measured against a published benchmark index. Researchers in this field all feel that the transparency of performance information will increase with the shift from segregated funds to pooled vehicles. and the desire of many funds to be listed in the HSBC/APUT indices. Discusses the Global Investment Performance Standard, a reporting standard published in April 1999 aimed at the management houses, and suggests the way property asset classes are defined needs to become more sophisticated.
590 ## - LOCAL NOTE (RLIN)
Local note IKA251005
690 ## - LOCAL SUBJECT ADDED ENTRY--TOPICAL TERM (OCLC, RLIN)
Topical term or geographic name as entry element PROPERTY-PROPERTY FINANCE AND INVESTMENT-PROPERTY INVESTMENT PERFORMANCE MEASUREMENT
942 ## - ADDED ENTRY ELEMENTS (KOHA)
Suppress in OPAC 0
Holdings
Withdrawn status Lost status Source of classification or shelving scheme Damaged status Not for loan Home library Current library Shelving location Date acquired Total Checkouts Full call number Barcode Date last seen Copy number Price effective from Koha item type
    Dewey Decimal Classification     London London Journal article 20/10/2005   L131326 131326-1001 06/08/2019 1 06/08/2019 Journal article